Non-Aligned Movement: Member countries - Statistics

General Stats
  • This quiz has been taken 45 times
  • The average score is 94 of 120
Answer Stats
Country % Correct
India
100%
Egypt
97%
Tunisia
93%
Algeria
90%
Ethiopia
90%
Indonesia
90%
Libya
90%
Pakistan
90%
Somalia
90%
Sudan
90%
Afghanistan
86%
Chad
86%
Chile
86%
Colombia
86%
Democratic Republic of the Congo
86%
Gambia
86%
Guinea
86%
Iran
86%
Iraq
86%
Laos
86%
Republic of the Congo
86%
Saudi Arabia
86%
South Africa
86%
United Arab Emirates
86%
Yemen
86%
Zambia
86%
Zimbabwe
86%
Angola
83%
Bahrain
83%
Bhutan
83%
Eritrea
83%
Guinea-Bissau
83%
Kenya
83%
Liberia
83%
Malaysia
83%
Mali
83%
Mozambique
83%
Nepal
83%
Niger
83%
Nigeria
83%
Oman
83%
Peru
83%
Senegal
83%
Sierra Leone
83%
Suriname
83%
Vietnam
83%
Bangladesh
79%
Benin
79%
Brunei
79%
Cambodia
79%
Cameroon
79%
Central African Republic
79%
Equatorial Guinea
79%
Fiji
79%
Guyana
79%
Honduras
79%
Jordan
79%
Kuwait
79%
Lebanon
79%
Lesotho
79%
Morocco
79%
Namibia
79%
Panama
79%
Qatar
79%
Rwanda
79%
Sao Tome and Principe
79%
Syria
79%
Tanzania
79%
Thailand
79%
Togo
79%
Burkina Faso
76%
Burundi
76%
Cuba
76%
Dominica
76%
Dominican Republic
76%
Ecuador
76%
Gabon
76%
Ghana
76%
Jamaica
76%
Mauritania
76%
Nicaragua
76%
Papua New Guinea
76%
Saint Kitts and Nevis
76%
Saint Lucia
76%
Seychelles
76%
Singapore
76%
Trinidad and Tobago
76%
Uganda
76%
Venezuela
76%
Belize
72%
Botswana
72%
Djibouti
72%
Grenada
72%
Guatemala
72%
North Korea
72%
Saint Vincent and Grenadines
72%
Swaziland
72%
Antigua and Barbuda
69%
Bahamas
69%
Barbados
69%
Bolivia
69%
Cape Verde
69%
Comoros
69%
Cote d'Ivoire
69%
Haiti
69%
Mauritius
69%
Mongolia
69%
Philippines
69%
Sri Lanka
69%
Vanuatu
69%
Azerbaijan
66%
Madagascar
66%
Malawi
66%
East Timor
62%
Myanmar
62%
Uzbekistan
62%
Turkmenistan
59%
Maldives
55%
Belarus
45%
Palestine
38%
No matching quizzes found
Score Distribution
Percent of People with Each Score
Percentile by Number Answered
Your Score History
You have not taken this quiz